| 000 | 00563nam a22002057a 4500 | ||
|---|---|---|---|
| 999 |
_c7993 _d7993 |
||
| 003 | OSt | ||
| 005 | 20220822121453.0 | ||
| 008 | 220822b ||||| |||| 00| 0 eng d | ||
| 020 | _a9780521676311 | ||
| 040 | _cNLM | ||
| 082 |
_aQY25 _bC415d 2006 |
||
| 100 |
_aCheesbrough, Monica _9884 |
||
| 245 | _aDistrict Laboratory Practice in Tropical Countries (Part 2) | ||
| 250 | _a2nded. | ||
| 260 |
_aMadrid; _bCambridge University Press: _c2006, |
||
| 300 |
_a435p.; _c27cm. |
||
| 504 | _aIndex included. | ||
| 650 |
_a Laboratory Practice. _9896 |
||
| 942 |
_2z _cBOOK |
||